UBT Library

MATERNAL CHILD NURSING CARE (Record no. 59066)

000 -LEADER
fixed length control field 00345nam a22001457a 4500
008 - FIXED-LENGTH DATA ELEMENTS--GENERAL INFORMATION
fixed length control field 221201b ||||| |||| 00| 0 eng d
020 ## - INTERNATIONAL STANDARD BOOK NUMBER
International Standard Book Number 9780133046007
041 ## - LANGUAGE CODE
Language code of text/sound track or separate title eng
080 ## - UNIVERSAL DECIMAL CLASSIFICATION NUMBER
Edition identifier FOURTH EDITION
Universal Decimal Classification number 616.053
082 ## - DEWEY DECIMAL CLASSIFICATION NUMBER
Classification number 616.053
100 ## - Rafti
Rafti 14.2
101 ## - Shkurtesa
Shkurtesa PEDIA
245 ## - TITLE STATEMENT
Title MATERNAL CHILD NURSING CARE
Statement of responsibility, etc LONDON L.M
942 ## - ADDED ENTRY ELEMENTS (KOHA)
Source of classification or shelving scheme
Item type Books
Holdings
Withdrawn status Lost status Source of classification or shelving scheme Damaged status Not for loan Collection code Permanent location Current location Date acquired Total Checkouts Full call number Barcode Date last seen Price effective from Koha item type
          Koleksioni i përgjithshem UBT - Lipjan UBT - Lipjan 12/01/2022   616.053 002-800028700260923 12/01/2022 12/01/2022 Books
          Koleksioni i përgjithshem UBT - Lipjan UBT - Lipjan 05/02/2023   610.73 LON 002-80008056 05/02/2023 05/02/2023 Books
UBT Library © 2015-2024. All rights reserved University Education for Business and Technology